LEADER 01149nam0-2200313 --450 001 9910276259203321 005 20180704141010.0 100 $a20180704d1973----km y0itay50 ----ba 101 0 $aeng 102 $aUS 200 1 $aPhysical requirements of transport systems for large freight containers 210 $aNew York$cUnited Nations$d1973 215 $aviii, 113 p.$cill.$d29 cm 225 1 $a[Document] - United Nations$vST/ECA/170 300 $aIn testa al front.: Department of Economic and Social Affairs. 300 $aPreparato per il segretario generale dal Transportøkonomisk institut (Istituto per l'economia dei trasporti), Oslo, Norvegia. 610 0 $aAutotrasporti$aContainerizzazione 610 0 $aFerrovie$aTrasporto merci 610 0 $aNavi mercantili 676 $a300/.8 s 676 $a621.7/57 712 02$aUnited Nations,$bDepartment of economic and social affairs 801 0$aIT$bUNINA$gRICA$2UNIMARC 901 $aBK 912 $a9910276259203321 952 $aF4/36$b2485$fDINTR 959 $aDINTR 996 $aPhysical requirements of transport systems for large freight containers$91506067 997 $aUNINA LEADER 04455nam 2200829zu 450 001 996309145203316 005 20231110230101.0 010 $a3-8394-3028-3 024 7 $a10.14361/9783839430286 035 $a(CKB)3710000000439824 035 $a(SSID)ssj0001589724 035 $a(PQKBManifestationID)16284724 035 $a(PQKBTitleCode)TC0001589724 035 $a(PQKBWorkID)12229187 035 $a(PQKB)10458605 035 $a(MiAaPQ)EBC5494403 035 $a(DE-B1597)457060 035 $a(OCoLC)945783704 035 $a(DE-B1597)9783839430286 035 $a(Au-PeEL)EBL5494403 035 $a(oapen)https://directory.doabooks.org/handle/20.500.12854/38827 035 $a(EXLCZ)993710000000439824 100 $a20160829d2015 uy 101 0 $ager 135 $aur||||||||||| 181 $ctxt 182 $cc 183 $acr 200 10$aDigitale Datenbanken : eine Medientheorie im Zeitalter von Big Data 205 $a1. Aufl. 210 $aBielefeld, Germany$ctranscript Verlag$d2015 210 31$a[Place of publication not identified]$cTranscript$d2015 215 $a1 online resource (390 p.) $czahlr. z.T. farb. Abb 225 0 $aDigital society Digitale Datenbanken 300 $aBibliographic Level Mode of Issuance: Monograph 327 $tFrontmatter -- $tInhalt -- $tEinleitung -- $tMedium: Zwischen Konstellationen und Konfigurationen -- $tComputer: Zwischen Oberfläche und Tiefe -- $tDatenbank: Zwischen digitalen Sammlungen und Sammlungstechnologien -- $tBanken, Basen, Reservoirs: Information Storage and Retrieval -- $tTechno-Logik: Apparaturen, Architekturen, Verfahren -- $tPhänomeno-Logik: Mediale Praktiken mit Datenbanken -- $tSchluss: Plädoyer für eine kritische Datenbankkultur -- $tLiteratur 330 $aWe have long moved on from a mere information age to the era of big data. Here, databases represent both the enormous potential for gaining knowledge of data collection and the alarming information excesses of digital culture. Furthermore, the term refers to concrete technologies and processes of gathering and accessing digital information. Media theory has to locate databases in between these very different conceptions. Marcus Burkhardt retraces the history of databases and asks how technical procedures of processing digital information determine what can be found how in databases and what knowledge can be gained through them. 330 $aWir leben längst nicht mehr nur im Informationszeitalter, sondern in der Ära von Big Data. In dieser steht die Datenbank gleichzeitig für die riesigen Erkenntnispotenziale von Informationssammlungen wie für die bedrohlichen Informationsexzesse der digitalen Medienkultur. Zudem bezeichnet der Begriff konkrete Technologien und Verfahren der Sammlung und Bereitstellung von digitalen Informationen.Zwischen diesen sehr unterschiedlichen Auffassungen gilt es, Datenbanken medientheoretisch zu verorten. Marcus Burkhardt zeichnet die Geschichte der Datenbanken nach und fragt, wie technische Verfahren der Verwaltung digitaler Informationen bedingen, was auf welche Weise in Datenbanken gefunden und durch sie gewusst werden kann. 410 0$aDigitale Gesellschaft 606 $aBig data$xSocial aspects 606 $aInformation technology$xSocial aspects 606 $aTechnological innovations$xSocial aspects 606 $aCommunication 606 $aDatabases 606 $aSociology & Social History$2HILCC 606 $aSocial Sciences$2HILCC 606 $aSocial Change$2HILCC 610 $aBig Data. 610 $aComputer. 610 $aDatabase. 610 $aDigital Media. 610 $aInternet. 610 $aMedia History. 610 $aMedia Studies. 610 $aMedia Theory. 610 $aSearch Engine. 615 0$aBig data$xSocial aspects 615 0$aInformation technology$xSocial aspects 615 0$aTechnological innovations$xSocial aspects 615 0$aCommunication 615 0$aDatabases 615 7$aSociology & Social History 615 7$aSocial Sciences 615 7$aSocial Change 676 $a303.48/33 700 $aBurkhardt$b Marcus$0895051 712 02$aEU-Großprojekt Innovations-Inkubator an der Leuphana Universität Lüneburg$4fnd$4http://id.loc.gov/vocabulary/relators/fnd 801 0$bPQKB 906 $aBOOK 912 $a996309145203316 996 $aDigitale Datenbanken$91999779 997 $aUNISA